Top 50 Athletes Since 2000 - Statistics

General Stats
  • This quiz has been taken 68 times
  • The average score is 21 of 50
Answer Stats
Hint Answer % Correct
3. Soccer Lionel Messi
98%
1. Swimmer Michael Phelps
98%
13. Soccer Cristiano Ronaldo
97%
4. Basketball LeBron James
97%
8. Golf Tiger Woods
97%
11. Tennis Novak Djokovic
95%
12. Tennis Rafael Nadal
92%
6. Tennis Roger Federer
92%
5. Football Tom Brady
87%
10. Basketball Kobe Bryant
86%
2. Tennis Serena Williams
83%
19. Autoracing Lewis Hamilton
81%
14. Basketball Stephen Curry
79%
9. Track Usain Bolt
73%
7. Gymnastics Simone Biles
67%
17. Basketball Shaquille O'Neal
65%
29. Autoracing Michael Schumacher
59%
39. Basketball Kevin Durant
57%
16. Basketball Tim Duncan
52%
28. Basketball Nikola Jokic
49%
42. Basketball Giannis Antetokounmpo
44%
41. Basketball Dirk Nowitzki
41%
18. Football Patrick Mahomes
38%
26. Football Peyton Manning
37%
22. Hockey Sidney Crosby
37%
25. Boxing Floyd Mayweather
33%
50. Soccer Zinedine Zidane
33%
47. Autoracing Jimmie Johnson
32%
30. Baseball Mike Trout
32%
23. Basketball Kevin Garnett
25%
43. Baseball Alex Rodriguez
22%
24. Baseball Albert Pujols
19%
38. Baseball Barry Bonds
19%
31. Baseball Clayton Kershaw
17%
33. Baseball Miguel Cabrera
17%
48. Soccer Thierry Henry
14%
40. Baseball Justin Verlander
13%
27. Football Randy Moss
13%
20. Football Aaron Donald
10%
46. Baseball Max Scherzer
10%
45. Baseball David Ortiz
8%
37. Baseball Ichiro Suzuki
8%
32. Soccer Marta
5%
35. Basketball Dwayne Wade
3%
15. Swimming Katie Ledecky
3%
49. Soccer Aitana Bonmati
0%
21. Basketball Diana Taurasi
0%
36. Basketball Maya Moore
0%
44. Skiing Mikaela Shiffrin
0%
34. Basketball Tamika Catchings
0%
No matching quizzes found
Score Distribution
Percent of People with Each Score
Percentile by Number Answered
Your Score History
You have not taken this quiz